00524nam a2200133Ia 4500008004100000020001800041100002100059245013900080260003200219300001500251500005100266650005900317650001400376190813s9999 xx 000 0 und d a9781138677661 aWright, Lisette. cLisette Wright, S.M. Tobias, Angela Hickman.--aCoding and documentation for the ICD and DSM :ba comprehensive guide for clinicians / aNew York :bRoutledgec2017 a199 pages. aIncluded bibliographical references and index. aDiagnostic and statistical manual of mental disorders. aNosology.